| 000 | 00373nam a2200145Ia 4500 | ||
|---|---|---|---|
| 008 | 230917s9999||||xx |||||||||||||| ||und|| | ||
| 040 |
_e83310 _aMAIN |
||
| 041 | _aEnglish | ||
| 082 | _a820.07 W672I | ||
| 100 | _aWilliams, H M | ||
| 245 | 0 | _aIndo-Anglian literature 1800-1970: A survey | |
| 260 |
_aBombay _bOrient Longman _c1976 |
||
| 300 | _avii, 137 p. | ||
| 942 | _cBK | ||
| 999 |
_c171017 _d171017 |
||